[Event "Astana Zhuldyzdary Open A"]
[Site "Astana KAZ"]
[Date "2023.07.13"]
[Round "4.25"]
[White "Bulatov, Ramil"]
[Black "Novik, Maxim"]
[Result "1/2-1/2"]
[BlackTitle "GM"]
[WhiteElo "2132"]
[BlackElo "2436"]
[WhiteFideId "4166140"]
[BlackFideId "4102924"]
[EventDate "2023.07.11"]

1. d4 Nf6 2. c4 e6 3. Nf3 d5 4. Nc3 Be7 5. Bf4 O-O 6. e3 c5 7. dxc5 Bxc5 8. a3
a6 9. b4 Be7 10. Be2 dxc4 11. Bxc4 Qxd1+ 12. Rxd1 Bd7 13. Bd3 Rc8 14. Ne4 Ba4
15. Rb1 Bb5 16. Bxb5 axb5 17. Nd6 Bxd6 18. Bxd6 Rxa3 19. Nd4 Ne4 20. Nxb5 Ra2
21. Bxb8 Rxb8 22. f3 Nd2 23. Nc3 Nxb1 24. Nxa2 Ra8 25. O-O Rxa2 26. Rxb1 g6 27.
h4 Kg7 28. Kh2 b5 29. Kg3 h5 30. f4 f5 31. Rd1 Rb2 32. Rd4 Kf6 33. Kf3 Rb3 34.
Kf2 Ke7 35. Kf3 1/2-1/2

[Event "Astana Zhuldyzdary Open A"]
[Site "Astana KAZ"]
[Date "2023.07.13"]
[Round "4.26"]
[White "Bolat, Inayat"]
[Black "Gan-Erdene, Sugar"]
[Result "0-1"]
[BlackTitle "IM"]
[WhiteElo "2085"]
[BlackElo "2418"]
[WhiteFideId "13733125"]
[BlackFideId "4902980"]
[EventDate "2023.07.11"]

1. e4 c5 2. Nf3 d6 3. d4 cxd4 4. Nxd4 Nf6 5. Nc3 Nc6 6. Bg5 e6 7. Qd3 Bd7 8.
Ndb5 Nb4 9. Qd1 Qb8 10. Bf4 e5 11. Bg5 a6 12. Bxf6 gxf6 13. Na3 b5 14. g3 Bg7
15. Bg2 O-O 16. O-O Be6 17. f4 Qb6+ 18. Kh1 Rac8 19. f5 Bd7 20. Nab1 Qd4 21. Qe2
Qc4 22. Qf2 Qd4 23. a3 Nc6 24. Nd2 Qxf2 25. Rxf2 Nd4 26. Nf3 Nxf3 27. Bxf3 Bc6
28. Rd1 Rfd8 29. Rfd2 Bf8 30. h4 Be7 31. g4 Kf8 32. Ne2 Bb7 33. Ng3 Rc4 34. c3
Ke8 35. Kg2 Kd7 36. g5 Kc7 37. gxf6 Bxf6 38. Kh3 d5 39. exd5 Rxh4+ 40. Kg2 Bg5
41. d6+ Kb6 42. Re2 Bf4 43. Bxb7 Kxb7 44. Ne4 Kc6 45. Kf3 Bh6 46. d7 Rxd7 47.
Rxd7 Kxd7 48. Nc5+ Kd6 49. Nxa6 Rf4+ 50. Kg2 Rxf5 51. Nb4 Rg5+ 52. Kf2 Rh5 53.
Kg2 Bf4 54. Nd3 Rh2+ 55. Kf1 Rxe2 56. Kxe2 Bg3 57. b3 e4 58. Nf2 f5 59. a4 bxa4
60. bxa4 Kc5 61. Nh3 h6 62. Nf2 Kc4 63. Nh3 Bc7 64. Nf2 h5 65. Nh3 h4 66. Nf2
Bb6 67. Nd1 h3 68. Nf2 h2 69. Nh1 f4 0-1

[Event "Astana Zhuldyzdary Open A"]
[Site "Astana KAZ"]
[Date "2023.07.13"]
[Round "4.27"]
[White "Moldagali, Beksultan"]
[Black "Ansat, Aldiyar"]
[Result "0-1"]
[BlackTitle "IM"]
[WhiteElo "2050"]
[BlackElo "2400"]
[WhiteFideId "13734768"]
[BlackFideId "13715658"]
[EventDate "2023.07.11"]

1. e4 c5 2. Nf3 d6 3. d4 cxd4 4. Nxd4 Nf6 5. Nc3 Bd7 6. f3 e5 7. Nb3 Be7 8. Be3
O-O 9. Qd2 a5 10. a4 Na6 11. Be2 Nb4 12. Nb5 Be6 13. c4 Nd7 14. O-O Rc8 15. Rac1
Nc5 16. Nxc5 dxc5 17. Nc3 Nc6 18. Nd5 Bd6 19. Rce1 Nd4 20. Bd3 f5 21. Bxd4 cxd4
22. Rc1 f4 23. Qc2 Bc5 24. Qf2 Bd7 25. b3 Rc6 26. Rfe1 Qg5 27. Kf1 Rh6 28. h3
Rg6 29. Re2 Qh5 30. Ke1 Rg3 31. Rd2 Re8 32. Kd1 Re6 33. Rb1 Reg6 34. Kc2 Qg5 35.
h4 Qxh4 36. Kb2 Qh2 37. Bf1 h5 38. Rbd1 b6 39. Ka2 h4 40. Kb1 Qh1 41. Rd3 Kf7
42. Ka1 Qh2 43. R1d2 h3 44. gxh3 Qxf2 45. Rxf2 Bxh3 46. Bxh3 Rxh3 47. Kb2 Rg1
48. Ka2 Rhh1 49. Nc7 Ra1+ 50. Kb2 Ba3+ 0-1

[Event "Astana Zhuldyzdary Open A"]
[Site "Astana KAZ"]
[Date "2023.07.13"]
[Round "4.28"]
[White "Divya, Deshmukh"]
[Black "Mazhkenov, Alisher"]
[Result "1-0"]
[WhiteTitle "WGM"]
[WhiteElo "2400"]
[BlackElo "2119"]
[WhiteFideId "35006916"]
[BlackFideId "13718983"]
[EventDate "2023.07.11"]

1. e4 c5 2. Nf3 d6 3. Bb5+ Nd7 4. Be2 Ngf6 5. Nc3 e6 6. d4 cxd4 7. Qxd4 a6 8. a4
Be7 9. O-O b6 10. Nd2 O-O 11. Nc4 e5 12. Qe3 Bb7 13. Rd1 Qc7 14. b3 Rfd8 15. Ba3
Nc5 16. Bf3 Rab8 17. Bb4 Bc8 18. a5 b5 19. Nxe5 Nxb3 20. cxb3 dxe5 21. Bxe7 Qxe7
22. Qa7 Bb7 23. h3 Kf8 24. Rac1 Rxd1+ 25. Rxd1 Rc8 26. Ne2 g6 27. Rc1 Rxc1+ 28.
Nxc1 Nxe4 29. Nd3 Nd6 30. Bxb7 Qxb7 31. Qc5 Qe7 32. Nxe5 Kg7 33. Nd3 Qf6 34. Qd5
Nf5 35. b4 Qc3 36. Kh2 Ne7 37. Qe4 Nc6 38. g3 Qc4 39. Qe2 h5 40. Qb2+ Kg8 41.
Qf6 h4 42. gxh4 Qxd3 43. Qxc6 Qd4 44. Kg3 Qxb4 45. Qxa6 Qc3+ 46. Kg2 b4 47. Qb7
b3 48. a6 b2 49. a7 1-0

[Event "Astana Zhuldyzdary Open A"]
[Site "Astana KAZ"]
[Date "2023.07.13"]
[Round "4.29"]
[White "Kuziev, Miraziz"]
[Black "Kuderinov, Kirill"]
[Result "1-0"]
[BlackTitle "IM"]
[WhiteElo "2049"]
[BlackElo "2386"]
[WhiteFideId "14215772"]
[BlackFideId "13701568"]
[EventDate "2023.07.11"]

1. d4 Nf6 2. c4 e6 3. Nc3 Bb4 4. e3 Bxc3+ 5. bxc3 O-O 6. Bd3 d6 7. Ne2 e5 8. e4
Re8 9. f3 Nbd7 10. O-O Nf8 11. Qc2 Qe7 12. f4 exd4 13. e5 dxe5 14. fxe5 Qxe5 15.
cxd4 Qh5 16. Nf4 Qh4 17. g3 Qg4 18. Bb2 Qg5 19. d5 Ng4 20. Qc3 Qh6 21. h3 Re3
22. hxg4 Rxg3+ 23. Ng2 Bxg4 24. Bxh7+ Nxh7 25. Qxg3 Ng5 26. Qxg4 1-0

[Event "Astana Zhuldyzdary Open A"]
[Site "Astana KAZ"]
[Date "2023.07.13"]
[Round "4.30"]
[White "Ibadov, Dashgyn"]
[Black "Amirali, Abzal"]
[Result "1-0"]
[WhiteTitle "IM"]
[WhiteElo "2372"]
[BlackElo "2062"]
[WhiteFideId "24107514"]
[BlackFideId "13733346"]
[EventDate "2023.07.11"]

1. e4 c5 2. Nf3 a6 3. c3 e6 4. d4 d5 5. exd5 exd5 6. Bd3 c4 7. Bc2 Bd6 8. O-O
Ne7 9. Re1 O-O 10. Nh4 Ng6 11. Nf5 Bxf5 12. Bxf5 Nc6 13. g3 b5 14. Nd2 b4 15.
Nf1 Qa5 16. Bd2 Rab8 17. h4 bxc3 18. bxc3 Rb2 19. h5 Nge7 20. Bc2 f5 21. h6 g6
22. Qe2 Rxc2 23. Qe6+ Rf7 24. Qxd6 Qd8 25. Qxd8+ Nxd8 26. Rab1 Nec6 27. Rb6 Rxa2
28. Bg5 Rf8 29. Bxd8 Nxd8 30. Re7 Rf7 31. Re5 f4 32. Rxd5 Rf8 33. gxf4 Nf7 34.
Rd7 Nxh6 35. Ne3 Rxf4 36. Nd5 Rf7 37. Rxf7 Kxf7 38. Rb7+ Ke6 39. Ne3 Ra3 40. d5+
Kf6 41. d6 Ke6 42. Nxc4 Rxc3 43. Re7+ Kf6 44. Ne5 Rc1+ 45. Kg2 Rd1 46. Nd7+ Kg5
47. Nc5 Nf5 48. Rxh7 Rd5 49. d7 Kf6 50. Rh8 Ke7 51. Re8+ 1-0

[Event "Astana Zhuldyzdary Open A"]
[Site "Astana KAZ"]
[Date "2023.07.13"]
[Round "4.31"]
[White "Erserik, Adlet"]
[Black "Suyarov, Mukhammadzokhid"]
[Result "0-1"]
[BlackTitle "FM"]
[WhiteElo "1992"]
[BlackElo "2366"]
[WhiteFideId "13709658"]
[BlackFideId "14210495"]
[EventDate "2023.07.11"]

1. d4 Nf6 2. Bf4 e6 3. e3 d5 4. Nd2 c5 5. c3 Nc6 6. Ngf3 Be7 7. Ne5 Qb6 8. Rb1
Nd7 9. Bd3 Ndxe5 10. dxe5 Bd7 11. Qh5 O-O-O 12. Qxf7 g5 13. Bg3 h5 14. h3 Rdf8
15. Qg7 Be8 16. Bh7 h4 17. Bh2 Qa6 18. f4 d4 19. Nf3 dxe3 20. fxg5 Bh5 21. Bf4
Bxf3 22. gxf3 Rxh7 23. Qxh7 Rxf4 24. Rd1 Kc7 25. Rg1 Rxf3 26. Qd3 Qxd3 27. Rxd3
Nxe5 28. Ke2 Rf2+ 29. Kxe3 Nxd3 30. g6 c4 31. Rg4 Bc5+ 32. Ke4 Rf5 33. g7 Nf2# 0-1

[Event "Astana Zhuldyzdary Open A"]
[Site "Astana KAZ"]
[Date "2023.07.13"]
[Round "4.32"]
[White "Tleukhanov, Yerlan"]
[Black "Sapenov, Daniyal"]
[Result "1/2-1/2"]
[BlackTitle "FM"]
[WhiteElo "1853"]
[BlackElo "2329"]
[WhiteFideId "13749692"]
[BlackFideId "13728911"]
[EventDate "2023.07.11"]

1. e4 c6 2. d4 d5 3. exd5 cxd5 4. c4 Nf6 5. Nc3 Nc6 6. Nf3 a6 7. cxd5 Nxd5 8.
Bc4 Be6 9. Bb3 Nxc3 10. bxc3 Bxb3 11. axb3 e6 12. O-O Be7 13. c4 O-O 14. Bb2 Bf6
15. Qd2 Qb6 16. Qe3 Rfd8 17. Rfd1 Rac8 18. Rd3 Ne7 19. Rad1 Qc7 20. Ba3 Nf5 21.
Qe4 Qa5 22. Bc5 Qc7 23. g4 Nd6 24. Bxd6 Rxd6 25. g5 Be7 26. d5 exd5 27. Rxd5
Rxd5 28. Rxd5 Bf8 29. h4 Qc6 30. Qf5 g6 31. Qd7 Re8 32. Qxc6 bxc6 33. Ra5 Rb8
34. Rxa6 Rxb3 35. Kg2 c5 36. Ne5 Rb7 37. Kf3 Rb3+ 38. Ke4 Rc3 39. f3 Rc1 40. Rc6
Rd1 41. Ke3 Re1+ 42. Kf4 Rd1 43. Ke3 Re1+ 44. Kf4 Rd1 45. Ke3 Re1+ 46. Kf4 1/2-1/2

[Event "Astana Zhuldyzdary Open A"]
[Site "Astana KAZ"]
[Date "2023.07.13"]
[Round "4.33"]
[White "Zverev, Lev"]
[Black "Shonazarov, Orash"]
[Result "1/2-1/2"]
[WhiteTitle "FM"]
[WhiteElo "2319"]
[BlackElo "2018"]
[WhiteFideId "24250775"]
[BlackFideId "13737910"]
[EventDate "2023.07.11"]

1. e4 e5 2. Nf3 Nc6 3. Bc4 Nf6 4. d3 h6 5. O-O d6 6. c3 g5 7. Be3 Bg7 8. Nbd2
Nh5 9. Nh4 Nf4 10. Nf5 Qf6 11. Nxg7+ Qxg7 12. d4 h5 13. Bb5 Kf8 14. dxe5 Nxe5
15. Nc4 Bg4 16. f3 Be6 17. Nxe5 dxe5 18. Rf2 Kg8 19. Rd2 Qf6 20. Bd7 Kg7 21.
Bxf4 gxf4 22. Bxe6 Qxe6 23. Qb3 Qxb3 24. axb3 Rhd8 25. Rxd8 Rxd8 26. Rxa7 Rd1+
27. Kf2 b6 28. Rxc7 Rd2+ 29. Kf1 Rxb2 30. b4 Rb1+ 31. Ke2 Rb2+ 32. Ke1 Rb1+ 33.
Ke2 Rb2+ 34. Ke1 Rb1+ 35. Kd2 Rb2+ 36. Ke1 1/2-1/2

[Event "Astana Zhuldyzdary Open A"]
[Site "Astana KAZ"]
[Date "2023.07.13"]
[Round "4.34"]
[White "Smirnov, Mark"]
[Black "Sisabayev, Kuanysh"]
[Result "0-1"]
[WhiteTitle "CM"]
[BlackTitle "FM"]
[WhiteElo "1931"]
[BlackElo "2235"]
[WhiteFideId "13764594"]
[BlackFideId "13702718"]
[EventDate "2023.07.11"]

1. e4 e5 2. Nc3 d6 3. g3 Be6 4. Bg2 Qd7 5. h3 c5 6. Nge2 Nc6 7. f4 g6 8. g4 exf4
9. Nxf4 Bg7 10. d3 Nge7 11. Be3 O-O 12. O-O Rab8 13. a4 a6 14. Nxe6 fxe6 15. Qd2
Nd4 16. Rac1 Nec6 17. b3 Rxf1+ 18. Rxf1 Nb4 19. Bxd4 cxd4 20. Nd5 Nc6 21. Nf6+
Bxf6 22. Rxf6 Rf8 23. Rxf8+ Kxf8 24. Qf4+ Kg8 25. g5 e5 26. Qf6 Qe7 27. Qxe7
Nxe7 28. Kf2 a5 29. h4 Nc6 30. Bf3 Nb4 31. Bd1 Kf7 32. Ke1 Na2 33. Bg4 b6 34.
Kd2 Nc3 35. Bf3 h6 36. Ke1 hxg5 37. hxg5 Ke7 38. Kd2 Na2 39. Bg4 Nb4 40. c3 Na2
41. cxd4 exd4 42. Be2 Ke6 43. Bg4+ Ke5 44. Bf5 gxf5 45. g6 Kf6 46. exf5 Nc3 47.
Ke1 Nd5 48. Kf2 Ne7 49. Kf3 Kxf5 50. g7 d5 51. Kg3 Kf6 52. Kf4 Ng6+ 0-1

[Event "Astana Zhuldyzdary Open A"]
[Site "Astana KAZ"]
[Date "2023.07.13"]
[Round "4.35"]
[White "Arestanov, Timur"]
[Black "Sarzhanov, Chingizkhan"]
[Result "0-1"]
[WhiteTitle "FM"]
[WhiteElo "2216"]
[BlackElo "1889"]
[WhiteFideId "13701304"]
[BlackFideId "13724991"]
[EventDate "2023.07.11"]

1. d4 Nf6 2. c4 e6 3. g3 d5 4. Bg2 Bb4+ 5. Bd2 a5 6. Nf3 dxc4 7. Qc2 O-O 8. Qxc4
b6 9. Bxb4 Ba6 10. Qb3 axb4 11. Qxb4 Nc6 12. Qc3 Qd6 13. Nbd2 Rad8 14. Nb3 Ne4
15. Qc2 f5 16. a3 Qd5 17. Rd1 Rd6 18. O-O Bxe2 19. Qxe2 Qxb3 20. Rd3 Qc4 21. Qe3
Rfd8 22. Rc1 Qb5 23. b3 Qa6 24. b4 h6 25. Bf1 b5 26. g4 fxg4 27. Qxe4 gxf3 28.
Rxf3 Nxd4 29. Rfc3 Qa8 30. Qg4 R8d7 31. Rxc7 Nf3+ 32. Kh1 Ne5+ 33. Qg2 Qxa3 34.
Qe4 Rxc7 35. Rxc7 Qa1 36. Rc8+ Kf7 37. Rc7+ Rd7 38. Qf4+ Ke7 39. Rc1 Qd4 40. Qg3
Nf7 41. Rc5 Qxb4 42. Rxb5 Qd4 43. h4 Nd6 44. Rb8 Nf5 45. Qa3+ Kf6 46. Qf8+ Rf7
47. Qd8+ Qxd8 48. Rxd8 Nxh4 49. Bc4 Ke7 50. Rd4 Nf3 51. Re4 Rf6 52. Re3 Nd4 53.
Kg2 Rf4 54. Ba2 Kf6 55. Re1 Rg4+ 56. Kh3 h5 57. f3 Rf4 58. Kg2 Rxf3 59. Bxe6 Rc3
60. Bd7 Rc2+ 61. Kg3 Nf5+ 62. Kf3 g6 63. Re6+ Kg7 64. Rb6 Rc3+ 65. Kf4 Ne7 66.
Rb7 Rc7 67. Rxc7 Nd5+ 68. Ke5 Nxc7 69. Kd6 Na6 70. Ke5 Kf7 71. Be6+ Ke7 72. Bc4
Nc5 73. Bb5 Ne6 74. Bd3 Nf8 75. Bb5 Kf7 76. Bc6 Kg7 77. Be8 Nh7 78. Bd7 Kh6 79.
Kf4 Ng5 80. Bc8 Nf7 81. Be6 Kg7 82. Bd7 Kf6 83. Bc8 Ne5 84. Kg3 g5 85. Kh3 g4+
86. Kh4 Kg6 87. Bb7 Kh6 88. Be4 Ng6+ 89. Kg3 Kg5 90. Bb7 h4+ 91. Kf2 Kf4 92. Bc8
h3 93. Bd7 Ne5 94. Bc8 g3+ 0-1

[Event "Astana Zhuldyzdary Open A"]
[Site "Astana KAZ"]
[Date "2023.07.13"]
[Round "4.36"]
[White "Abdilkhair, Abilmansur"]
[Black "Kenbeilov, Timur"]
[Result "1-0"]
[WhiteTitle "FM"]
[WhiteElo "2248"]
[BlackElo "1989"]
[WhiteFideId "13716417"]
[BlackFideId "13715755"]
[EventDate "2023.07.11"]

1. e4 d6 2. d4 Nf6 3. Nc3 g6 4. Be3 Bg7 5. Qd2 c6 6. Bh6 Bxh6 7. Qxh6 b5 8. a3
Qa5 9. Bd3 b4 10. Nce2 bxa3+ 11. c3 Qb6 12. Rxa3 Qxb2 13. Ra4 c5 14. dxc5 dxc5
15. Nf3 Bd7 16. Ra5 c4 17. Bxc4 Qb1+ 18. Nc1 Qxe4+ 19. Be2 Nc6 20. Rc5 Qe6 21.
O-O Ng4 22. Qd2 Nf6 23. Qh6 Ng4 24. Qh4 Qf6 25. Ng5 Nce5 26. h3 h6 27. hxg4 hxg5
28. Qg3 Nc6 29. Rd1 Rd8 30. Qc7 Nb8 31. Bb5 Qb6 32. Rxd7 Nxd7 33. Qxb6 axb6 34.
Rc7 e6 35. Nd3 Ke7 36. c4 Kd6 37. Rc6+ Ke7 38. Rc7 f5 39. c5 bxc5 40. Nxc5 Kd6
41. Rc6+ Kd5 42. Nxe6 Rc8 43. Rxc8 Rxc8 44. Bxd7 Rc1+ 45. Kh2 Kd6 46. Nf8 Ke7
47. Nxg6+ Kxd7 48. gxf5 Rc5 49. g4 Ke8 50. Kg2 Kf7 51. Kf3 Kf6 52. Nf8 Rc3+ 53.
Kg2 Ra3 54. f3 Ra7 55. Ne6 Ra3 56. Nc5 Ke5 57. Kg3 Ra1 58. Ne4 Rg1+ 59. Kf2 Ra1
60. Nxg5 Rb1 61. Ne6 Rb2+ 62. Kg3 Rb3 63. Nf4 Ra3 64. Ne6 Rb3 65. Ng5 Ra3 66.
Kh4 Kf4 67. Ne6+ Ke5 68. Ng5 Kf4 69. f6 Ra6 70. Ne4 Kxf3 71. f7 Rh6+ 72. Kg5 Rh8
73. Nf6 Ra8 74. Ne8 1-0

[Event "Astana Zhuldyzdary Open A"]
[Site "Astana KAZ"]
[Date "2023.07.13"]
[Round "4.37"]
[White "Balabayeva, Xeniya"]
[Black "Amirkul, Alimzhan"]
[Result "0-1"]
[WhiteTitle "WIM"]
[WhiteElo "2239"]
[BlackElo "1975"]
[WhiteFideId "13719688"]
[BlackFideId "13718428"]
[EventDate "2023.07.11"]

1. e4 c5 2. Nf3 Nc6 3. Bb5 e5 4. O-O Bd6 5. d4 Nxd4 6. Bc4 h6 7. Nxd4 cxd4 8. c3
Bc5 9. Qb3 Qf6 10. cxd4 Bxd4 11. Nc3 Ne7 12. Nb5 O-O 13. Be3 d5 14. Bxd5 Nxd5
15. exd5 Bf5 16. Rad1 Qg6 17. Nxd4 exd4 18. Rxd4 Bh3 19. Bg5 Bxg2 20. Kxg2 Qxg5+
21. Qg3 Qf6 22. Rfd1 Rad8 23. d6 Rd7 24. R1d2 Rfd8 25. h4 Qe6 26. b3 Qf6 27. b4
Qf5 28. a4 Qe6 29. R2d3 Qf6 30. h5 Qf5 31. Rg4 f6 32. Re3 Qd5+ 33. Kg1 Qd1+ 34.
Kg2 Qd5+ 35. Kg1 Qd1+ 36. Kg2 Qd5+ 37. Kg1 Qxh5 38. Re7 Rxe7 0-1

[Event "Astana Zhuldyzdary Open A"]
[Site "Astana KAZ"]
[Date "2023.07.13"]
[Round "4.38"]
[White "Akhmedinov, Satbek"]
[Black "Kvan, Andrey"]
[Result "0-1"]
[WhiteTitle "CM"]
[WhiteElo "1974"]
[BlackElo "2228"]
[WhiteFideId "13714287"]
[BlackFideId "13701738"]
[EventDate "2023.07.11"]

1. e4 e5 2. Nf3 Nc6 3. Bc4 Nf6 4. d3 h6 5. O-O d6 6. Re1 g6 7. d4 Bg4 8. c3 Bg7
9. dxe5 dxe5 10. Nbd2 O-O 11. h3 Bd7 12. b4 Nh5 13. Bd5 Qe8 14. Nc4 Rd8 15. Be3
b5 16. Na3 Ne7 17. Qc1 Kh7 18. Bb3 Bc6 19. Bc5 Nf4 20. Bc2 a6 21. Qe3 Qd7 22.
Bb3 f5 23. Rad1 Qe8 24. Bc2 fxe4 25. Rxd8 Qxd8 26. Rd1 Qe8 27. Bxe4 Rf7 28. Bxe7
Rxe7 29. Nb1 Qa8 30. Nbd2 Rd7 31. Re1 Bxe4 32. Nxe4 Rd3 33. Qc5 Qd8 34. Re3 Rd5
35. Qc6 Rd1+ 36. Kh2 Nd5 37. Re2 Qf8 38. Ng3 Qd6 39. Qxd6 cxd6 40. Ne4 Nc7 41.
Rd2 Rxd2 42. Nexd2 g5 43. Kg3 Kg6 44. h4 Kf5 45. hxg5 hxg5 46. c4 e4 47. cxb5
axb5 48. Nxg5 Kxg5 49. Nxe4+ Kg6 50. f4 d5 51. Nc5 Bc3 52. a3 Kf6 53. Kf3 Ne6
54. Nd7+ Ke7 55. Nb6 Kd6 56. Nc8+ Kd7 57. Nb6+ Kc6 58. Nc8 Bf6 59. g4 Nd4+ 60.
Ke3 Kc7 61. Na7 Nc2+ 62. Kd3 Nxa3 63. g5 Ba1 64. f5 Kb7 65. Nxb5 Nxb5 66. f6 Kc6
67. f7 Bg7 0-1

[Event "Astana Zhuldyzdary Open A"]
[Site "Astana KAZ"]
[Date "2023.07.13"]
[Round "4.39"]
[White "Voinikonis, Nikita"]
[Black "Goganova, Yana"]
[Result "0-1"]
[WhiteTitle "FM"]
[BlackTitle "WFM"]
[WhiteElo "2133"]
[BlackElo "1958"]
[WhiteFideId "34187500"]
[BlackFideId "34115428"]
[EventDate "2023.07.11"]

1. d4 Nf6 2. c4 g6 3. Nc3 Bg7 4. e4 d6 5. Be2 O-O 6. Nf3 e5 7. Be3 Ng4 8. Bg5 f6
9. Bh4 g5 10. Bg3 Nh6 11. dxe5 fxe5 12. c5 g4 13. Qd5+ Kh8 14. Nd2 Nc6 15. cxd6
cxd6 16. Nb5 Nf7 17. Nc4 Ne7 18. Qd1 d5 19. exd5 Nxd5 20. Bxg4 Bxg4 21. Qxg4 a6
22. Nc3 Nxc3 23. bxc3 Qd3 24. Rd1 Qxc3+ 25. Nd2 Rad8 26. Qc4 Qa5 27. Qc2 Bh6 28.
Ke2 Qb5+ 29. Ke1 Qa5 30. Ke2 Qb5+ 31. Ke1 Rd4 32. Nf3 Rxd1+ 33. Kxd1 Rd8+ 34.
Ke1 e4 35. Bh4 exf3 36. Bf6+ Kg8 37. gxf3 Re8+ 0-1

[Event "Astana Zhuldyzdary Open A"]
[Site "Astana KAZ"]
[Date "2023.07.13"]
[Round "4.40"]
[White "Lupolov, Boris"]
[Black "Amangeldy, Ernur"]
[Result "1-0"]
[WhiteElo "2121"]
[BlackElo "1932"]
[WhiteFideId "44130457"]
[BlackFideId "13720244"]
[EventDate "2023.07.11"]

1. d4 Nf6 2. c4 e6 3. Nf3 d5 4. Nc3 Bb4 5. Qa4+ Nc6 6. Bd2 O-O 7. a3 Bd6 8. c5
Be7 9. e3 Ne4 10. Qc2 Nxd2 11. Qxd2 a6 12. Be2 b6 13. b4 Bb7 14. O-O Bf6 15.
Rab1 Qd7 16. a4 bxc5 17. dxc5 Qe7 18. b5 axb5 19. axb5 Qxc5 20. bxc6 Bxc3 21.
Rfc1 Bxd2 22. Rxc5 Bxe3 23. fxe3 Ba6 24. Bxa6 Rxa6 25. Rb7 Rc8 26. Nd4 Kf8 27.
Nb5 Ke7 28. Rxc7+ Rxc7 29. Nxc7 Ra1+ 30. Kf2 Kd6 31. Na6 1-0

[Event "Astana Zhuldyzdary Open A"]
[Site "Astana KAZ"]
[Date "2023.07.13"]
[Round "4.41"]
[White "Zhaksygulov, Askarbai"]
[Black "Irgaliyev, Alikhan"]
[Result "0-1"]
[WhiteElo "1974"]
[BlackElo "2082"]
[WhiteFideId "13727427"]
[BlackFideId "13705610"]
[EventDate "2023.07.11"]

1. e4 e6 2. d3 d5 3. Nd2 Nf6 4. Ngf3 b6 5. g3 dxe4 6. dxe4 Bc5 7. Bg2 Ba6 8. c4
Bb7 9. Qe2 Nc6 10. a3 e5 11. O-O O-O 12. b4 Nd4 13. Nxd4 Bxd4 14. Rb1 Qe7 15.
Nb3 Rad8 16. Kh1 Rfe8 17. Bd2 Qe6 18. f3 Ba6 19. Rfc1 c5 20. b5 Bb7 21. a4 h5
22. h4 Nd7 23. Kh2 f5 24. Bh3 g6 25. Bg5 Nf6 26. Qc2 Qd6 27. exf5 Bxf3 28. Nd2
e4 29. Nxf3 exf3 30. Re1 Bg1+ 31. Kh1 Rxe1 32. Rxe1 Qxg3 33. Rxg1 Qxh3+ 34. Qh2
Qxf5 35. Bxf6 Qxf6 36. Qg3 Rd4 37. Qb8+ Kh7 38. Qc7+ Kh6 39. Rg5 Rxh4+ 0-1

[Event "Astana Zhuldyzdary Open A"]
[Site "Astana KAZ"]
[Date "2023.07.13"]
[Round "4.42"]
[White "Ulkhanov, Azamat"]
[Black "Kaliakhmet, Elnaz"]
[Result "0-1"]
[BlackTitle "WFM"]
[WhiteElo "2064"]
[BlackElo "1818"]
[WhiteFideId "13700235"]
[BlackFideId "13730169"]
[EventDate "2023.07.11"]

1. e4 c5 2. Nc3 Nc6 3. g3 g6 4. d3 Bg7 5. Be3 d6 6. Qd2 e6 7. Bg2 Rb8 8. h4 h5
9. Nh3 b5 10. O-O Nge7 11. Nd1 b4 12. Kh1 a5 13. a3 Nd4 14. axb4 axb4 15. f4 O-O
16. Ndf2 Bb7 17. g4 hxg4 18. Nxg4 d5 19. f5 exf5 20. Nh6+ Bxh6 21. Bxh6 fxe4 22.
Bg5 Qd6 23. Bf4 Qe6 24. Bxb8 e3 25. Qe1 e2 26. Qg3 exf1=R+ 27. Rxf1 Nef5 28. Qh2
Ne3 29. Ng5 Qg4 30. Nxf7 Rxf7 31. Rxf7 Kxf7 32. Qc7+ Ke8 33. Qe5+ Qe6 34. Qh8+
Kd7 35. Qg7+ Qe7 36. Bh3+ Nef5 37. Qxg6 Qe1+ 38. Qg1 Qxh4 39. Qg7+ Qe7 40. Qg3
Kc6 41. Qg6+ Nd6 42. c3 Nf3 43. Be6 Qh4+ 44. Kg2 Qg5+ 45. Qxg5 Nxg5 46. Bg8 Ba6
47. cxb4 cxb4 48. d4 Nf5 49. Bf4 Ne4 50. Be5 Be2 51. Bf7 Ne3+ 52. Kg1 Nc4 53.
Bg6 Nxe5 54. dxe5 Bc4 55. Kg2 Kc5 56. Kf3 Kd4 57. Kf4 Nc5 58. Kf5 Bd3+ 0-1

[Event "Astana Zhuldyzdary Open A"]
[Site "Astana KAZ"]
[Date "2023.07.13"]
[Round "4.43"]
[White "Akhilbay, Imangali"]
[Black "Tokbayev, Anuar"]
[Result "0-1"]
[WhiteElo "2049"]
[BlackElo "1809"]
[WhiteFideId "13734857"]
[BlackFideId "13724703"]
[EventDate "2023.07.11"]

1. e4 e6 2. d4 d5 3. Nc3 Nf6 4. Bg5 dxe4 5. Nxe4 Be7 6. Bxf6 gxf6 7. Nf3 f5 8.
Nc3 a6 9. g3 b5 10. Bg2 Bb7 11. O-O c5 12. d5 b4 13. Ne5 bxc3 14. Qh5 O-O 15.
dxe6 Bxg2 16. Rfd1 Qb6 17. exf7+ Kg7 18. Kxg2 Qf6 19. Qe2 Nc6 20. Nd7 Nd4 21.
Rxd4 Qxd4 22. Qxe7 Rxf7 23. Qe5+ Qxe5 24. Nxe5 cxb2 25. Rb1 Rb7 26. Kf1 Rd8 27.
Ke2 Rd4 28. Nd3 c4 29. Nc5 Re7+ 30. Kf3 c3 31. Nb3 Rde4 0-1

[Event "Astana Zhuldyzdary Open A"]
[Site "Astana KAZ"]
[Date "2023.07.13"]
[Round "4.44"]
[White "Dumanuly, Sultanbeibarys"]
[Black "Bayantas, Asman"]
[Result "1/2-1/2"]
[WhiteElo "1833"]
[BlackElo "2046"]
[WhiteFideId "13731963"]
[BlackFideId "13725254"]
[EventDate "2023.07.11"]

1. e4 c6 2. Nf3 d5 3. Nc3 Bg4 4. h3 Bxf3 5. Qxf3 e6 6. d4 Nf6 7. Be2 dxe4 8. Qe3
Bb4 9. O-O Bxc3 10. bxc3 Nbd7 11. Qg3 O-O 12. Rb1 b6 13. Bf4 Qc8 14. Bh6 Ne8 15.
f3 c5 16. fxe4 cxd4 17. cxd4 Kh8 18. Bg5 f6 19. Bb5 a6 20. Bxd7 Qxd7 21. Be3 b5
22. d5 Rc8 23. Bh6 Nd6 24. Qg4 Qe7 25. Qxe6 Qxe6 26. dxe6 Nc4 27. Bf4 Rfe8 28.
Rfd1 Rxe6 29. Rd7 Rxe4 30. Rbd1 h5 31. Ra7 Ne5 32. Bh2 Ra4 33. Bg3 Re8 34. c3
Ra3 35. Bxe5 Rxe5 36. Kh2 a5 37. h4 Re4 38. g3 Raa4 39. Kh3 Re5 40. c4 Rxc4 41.
Rxa5 Rc3 42. Rd2 Ree3 43. Rg2 Re5 44. Rb2 Rcc5 45. Rb4 g5 46. hxg5 fxg5 47. Rd4
Rc2 48. Rd8+ Kg7 49. Ra7+ Kg6 50. Rd6+ Kf5 51. Rf7+ Ke4 52. g4 hxg4+ 53. Kg3
Rxa2 54. Rf1 Re2 55. Kxg4 Rc5 56. Rfd1 Rg2+ 57. Kh3 Rb2 58. Rd8 Rb4 59. Kg4 Ke3+
60. Kg3 Ke4 61. Kg4 Ke5+ 62. Kxg5 Ke6+ 63. Kg6 Rg4+ 64. Kh6 Rc6 65. Kh5 Rg2 66.
Re1+ Kf6 67. Rf1+ Ke7 68. Rd5 Rh2+ 69. Kg5 Rg2+ 70. Kf4 Rf6+ 71. Rf5 Rxf5+ 72.
Kxf5 Kd6 73. Ke4 Rh2 74. Ke3 Rh5 75. Ke4 Rh2 76. Kd3 Kc5 77. Kc3 Rh3+ 78. Kb2
Kb4 79. Rf4+ Ka5 80. Rf5 Ka4 81. Rf8 Rh2+ 82. Kb1 Ka3 83. Rf3+ Ka4 84. Rg3 b4
85. Rf3 Rh8 86. Kb2 Rd8 87. Rh3 Rd2+ 88. Kb1 Kb5 89. Rh1 Rg2 90. Rh3 1/2-1/2